SULTANIN CASUSLARI (Record no. 1041548)

MARC details
000 -LEADER
sabit uzunluktaki kontrol alanı 00250nam a2200097Ia 4500
001 - KONTROL NUMARASI
kontrol alanı 1041548
005 - EN SON İŞLEMİN TARİH VE ZAMANI
kontrol alanı 20250826232044.0
008 - SABİT-UZUNLUKTA VERİ ÖĞELERİ--GENEL BİLGİ
sabit uzunluktaki kontrol alanı 250824s9999 xx 000 0 und d
245 #0 - ESER / YAZAR
ESER ADI SULTANIN CASUSLARI
Yazar Adı EMRAH SAFA GÜRKAN
260 ## - YAYIN, DAĞITIM, VB.
YAYIN EVİ KRONİK YAYINLARI
Holdings
Düşüm durumu Kayıp durumu Hasar Durumu Ödünç verilmez Ana kütüphane Geçerli Kütüphane Edinilen tarih Toplam ödünç verme sayısı Barkod Son görüntüleme tarihi Fiyatın geçerli olmaya başladığı tarih Koha materyal türü
        ALİYA İZZETBEGOVİÇ ANADOLU LİSESİ ALİYA İZZETBEGOVİÇ ANADOLU LİSESİ 24.08.2025   10731148 26.08.2025 26.08.2025 Books